[Event "47th GRE-chT 2019"]
[Site "Patra"]
[Date "2019.07.06"]
[Round "7.18"]
[White "Tsaknakis, Zisis"]
[Black "Zisiadis, Dimitrios"]
[Result "1-0"]
[WhiteElo "2263"]
[BlackElo "2082"]
[Annotator "NA"]
[PlyCount "119"]
[EventDate "2019.07.02"]
[EventCountry "GRE"]
[SourceTitle "playchess.com"]
[Source "ChessBase"]
[SourceQuality "1"]
[TimeControl "5400+30"]

1. Nf3 {[%emt 0:00:00]} g6 {[%emt 0:00:00]} 2. g3 {[%emt 0:00:00]} Bg7 {[%emt 0:00:00]} 3. Bg2 {[%emt 0:00:21]} Nf6 {[%emt 0:00:00]} 4. O-O {[%emt 0:00:05]} O-O {[%emt 0:00:00]} 5. d4 {[%emt 0:00:02]} d6 {[%emt 0:00:00]} 6. Re1 {[%emt 0:08:29]} c5 {[%emt 0:04:28]} 7. Nc3 {[%emt 0:02:18]} Na6 {[%emt 0:06:13]} 8. e4 {[%emt 0:08:33]} cxd4 {[%emt 0:01:51]} 9. Nxd4 {[%emt 0:08:34]} Qb6 {[%emt 0:18:22]} 10. Re2 {[%emt 0:02:22]} Bg4 {[%emt 0:00:27]} 11. Nf3 {[%emt 0:08:01]} Nc5 {[%emt 0:00:17]} 12. h3 {[%emt 0:11:09]} Be6 {[%emt 0:09:51]} 13. Rb1 {[%emt 0:01:51]} a5 {[%emt 0:02:42]} 14. Be3 {[%emt 0:04:17]} Rfc8 {[%emt 0:05:24]} 15. e5 {[%emt 0:14:13]} dxe5 {[%emt 0:00:01]} 16. Na4 {[%emt 0:02:46]} Qb5 {[%emt 0:01:58]} 17. Nxc5 {[%emt 0:00:05]} Rxc5 {[%emt 0:00:08]} 18. Bxc5 {[%emt 0:00:03]} Qxc5 {[%emt 0:01:13]} 19. Rxe5 {[%emt 0:04:44]} Nd5 {[%emt 0:03:49]} 20. Re2 {[%emt 0:01:49]} h6 {[%emt 0:12:37]} 21. Nh4 {[%emt 0:08:32]} Nc7 {[%emt 0:01:43]} 22. b3 {[%emt 0:01:44]} Bd5 {[%emt 0:01:50]} 23. c4 {[%emt 0:02:31]} Bxg2 {[%emt 0:02:49]} 24. Kxg2 {[%emt 0:04:09]} Qc6+ {[%emt 0:00:34]} 25. Nf3 {[%emt 0:00:40]} Bf6 {[%emt 0:01:09]} 26. Qd2 {[%emt 0:01:05]} Kg7 {[%emt 0:00:03]} 27. Rd1 {[%emt 0:01:28]} a4 {[%emt 0:03:18]} 28. b4 {[%emt 0:01:04]} a3 {[%emt 0:11:25]} 29. Qd3 {[%emt 0:01:30]} Ra4 {[%emt 0:01:52]} 30. Qb3 {[%emt 0:00:58]} b5 {[%emt 0:02:08]} 31. cxb5 {[%emt 0:00:08]} Qxb5 {[%emt 0:00:48]} 32. Ne5 {[%emt 0:01:40]} Bxe5 {[%emt 0:00:01]} 33. Rxe5 {[%emt 0:00:43]} Qxe5 {[%emt 0:00:01]} 34. Qxa4 {[%emt 0:00:30]} Nb5 {[%emt 0:07:04]} 35. Qc2 {[%emt 0:00:32]} Kh7 {[%emt 0:00:56]} 36. Qc4 {[%emt 0:00:28]} Nd6 {[%emt 0:01:15]} 37. Qd5 {[%emt 0:00:29]} Qb2 {[%emt 0:00:04]} 38. Re1 {[%emt 0:00:31]} Qf6 {[%emt 0:00:36]} 39. Re3 {[%emt 0:00:28]} Nf5 {[%emt 0:00:00]} 40. Rxa3 {[%emt 0:00:00]} e6 {[%emt 0:00:00]} 41. Qe4 {[%emt 0:00:00]} h5 {[%emt 0:00:00]} 42. g4 {[%emt 0:00:00]} hxg4 {[%emt 0:00:00]} 43. hxg4 {[%emt 0:00:00]} Nh4+ {[%emt 0:00:00]} 44. Kg3 {[%emt 0:00:00]} Qg5 {[%emt 0:00:00]} 45. f4 {[%emt 0:00:00]} Qe7 {[%emt 0:00:00]} 46. g5 {[%emt 0:00:00]} Nf5+ {[%emt 0:00:00]} 47. Kg4 Nh6+ {[%emt 4:26:13]} 48. Kh3 {[%emt 0:00:00]} Nf5 {[%emt 0:00:00]} 49. Kh2 {[%emt 0:00:07]} Qd8 {[%emt 0:00:00]} 50. Rd3 {[%emt 0:00:46]} Qc8 {[%emt 0:00:00]} 51. Rh3+ {[%emt 0:00:10]} Kg8 {[%emt 0:00:00]} 52. b5 {[%emt 0:02:23]} Qd8 {[%emt 0:00:00]} 53. Qd3 {[%emt 0:01:26]} Qb6 {[%emt 0:00:00]} 54. Qf3 {[%emt 0:00:30]} Qa5 {[%emt 0:00:00]} 55. Qg2 {[%emt 0:00:55]} Qa4 {[%emt 0:00:00]} 56. Qd2 {[%emt 0:01:24]} Qa8 {[%emt 0:00:00]} 57. b6 {[%emt 0:01:02]} Qb8 {[%emt 0:00:00]} 58. b7 {[%emt 0:00:13]} e5 {[%emt 0:00:00]} 59. Ra3 {[%emt 0:00:57]} Kg7 {[%emt 0:00:00]} 60. Qb2 {[%emt 0:01:02]} 1-0

[Event "47th GRE-chT 2019"]
[Site "Patra"]
[Date "2019.07.06"]
[Round "7.18"]
[White "Nikolakis, Panagiotis Marios"]
[Black "Ergazakis, Ioannis"]
[Result "0-1"]
[WhiteElo "1911"]
[BlackElo "2281"]
[Annotator "NA"]
[PlyCount "44"]
[EventDate "2019.07.02"]
[EventCountry "GRE"]
[SourceTitle "playchess.com"]
[Source "ChessBase"]
[SourceQuality "1"]
[TimeControl "5400+30"]

1. e4 {[%emt 0:00:00]} c5 {[%emt 0:00:00]} 2. Nf3 {[%emt 0:00:00]} d6 {[%emt 0:00:00]} 3. d4 {[%emt 0:00:00]} cxd4 {[%emt 0:00:00]} 4. Nxd4 {[%emt 0:00:00]} Nf6 {[%emt 0:00:00]} 5. Nc3 {[%emt 0:00:07]} a6 {[%emt 0:00:00]} 6. Be2 {[%emt 0:00:36]} e5 {[%emt 0:00:10]} 7. Nb3 {[%emt 0:00:07]} Be7 {[%emt 0:00:09]} 8. Be3 {[%emt 0:00:07]} Be6 {[%emt 0:00:05]} 9. Nd5 {[%emt 0:00:26]} Bxd5 {[%emt 0:00:38]} 10. exd5 {[%emt 0:00:09]} Nbd7 {[%emt 0:00:08]} 11. c4 {[%emt 0:00:45]} Rc8 {[%emt 0:00:15]} 12. O-O {[%emt 0:00:14]} O-O {[%emt 0:00:07]} 13. Qd2 {[%emt 0:00:23]} b6 {[%emt 0:01:59]} 14. Rac1 {[%emt 0:03:26]} Ne4 {[%emt 0:00:57]} 15. Qc2 {[%emt 0:19:38]} Nec5 {[%emt 0:01:52]} 16. Nxc5 {[%emt 0:09:43]} bxc5 {[%emt 0:01:10]} 17. f4 {[%emt 0:10:34]} Bf6 {[%emt 0:02:40]} 18. Kh1 {[%emt 0:04:17]} Rb8 {[%emt 0:00:26]} 19. b3 {[%emt 0:00:20]} exf4 {[%emt 0:01:09]} 20. Bxf4 {[%emt 0:00:08]} Be5 {[%emt 0:00:20]} 21. Bd3 {[%emt 0:05:37]} g6 {[%emt 0:00:51]} 22. Bh6 {[%emt 0:00:17]} Qh4 {[%emt 0:00:26]} 0-1

[Event "47th GRE-chT 2019"]
[Site "Patra"]
[Date "2019.07.06"]
[Round "7.19"]
[White "Stefanou, Dimitrios"]
[Black "Gavriil, Odysseas-Panagiotis"]
[Result "0-1"]
[WhiteElo "1975"]
[BlackElo "2038"]
[Annotator "NA"]
[PlyCount "110"]
[EventDate "2019.07.02"]
[EventCountry "GRE"]
[SourceTitle "playchess.com"]
[Source "ChessBase"]
[SourceQuality "1"]
[TimeControl "5400+30"]

1. d4 {[%emt 0:00:00]} Nf6 {[%emt 0:00:00]} 2. Nf3 {[%emt 0:00:00]} d6 {[%emt 0:00:00]} 3. g3 {[%emt 0:00:15]} Nbd7 {[%emt 0:00:14]} 4. Bg2 {[%emt 0:01:15]} e5 {[%emt 0:00:13]} 5. O-O {[%emt 0:06:32]} Be7 {[%emt 0:00:05]} 6. b3 {[%emt 0:01:31]} c6 {[%emt 0:01:11]} 7. Bb2 {[%emt 0:01:59]} Qc7 {[%emt 0:00:16]} 8. c4 {[%emt 0:00:57]} O-O {[%emt 0:00:34]} 9. Nc3 {[%emt 0:01:18]} Re8 {[%emt 0:00:12]} 10. Qc2 {[%emt 0:00:41]} Bf8 {[%emt 0:00:24]} 11. e3 {[%emt 0:01:45]} b6 {[%emt 0:00:33]} 12. Rfd1 {[%emt 0:03:12]} Bb7 {[%emt 0:00:32]} 13. Rac1 {[%emt 0:00:22]} Rad8 {[%emt 0:00:36]} 14. b4 {[%emt 0:03:50]} a6 {[%emt 0:00:09]} 15. Qb3 {[%emt 0:02:44]} Qb8 {[%emt 0:00:25]} 16. a4 {[%emt 0:05:51]} c5 {[%emt 0:02:27]} 17. b5 {[%emt 0:14:48]} a5 {[%emt 0:04:06]} 18. dxe5 {[%emt 0:02:26]} dxe5 {[%emt 0:01:10]} 19. Nd5 {[%emt 0:10:30]} Bxd5 {[%emt 0:04:04]} 20. cxd5 {[%emt 0:00:14]} Ne4 {[%emt 0:00:40]} 21. Nd2 {[%emt 0:05:29]} Nd6 {[%emt 0:04:32]} 22. e4 {[%emt 0:02:14]} g6 {[%emt 0:03:53]} 23. Nc4 {[%emt 0:01:22]} Bh6 {[%emt 0:01:51]} 24. Rc2 {[%emt 0:01:21]} Re7 {[%emt 0:04:32]} 25. Re2 {[%emt 0:01:27]} Rf8 {[%emt 0:10:07]} 26. Bh3 {[%emt 0:01:12]} f6 {[%emt 0:06:05]} 27. Rf1 {[%emt 0:02:09]} Kh8 {[%emt 0:02:18]} 28. Be6 {[%emt 0:02:21]} Rfe8 {[%emt 0:03:19]} 29. Kh1 {[%emt 0:06:08]} Nxc4 {[%emt 0:00:53]} 30. Qxc4 {[%emt 0:00:05]} Qd6 {[%emt 0:00:01]} 31. Bc3 {[%emt 0:02:33]} Nf8 {[%emt 0:02:03]} 32. Bh3 {[%emt 0:00:08]} Rf7 {[%emt 0:01:09]} 33. Qb3 {[%emt 0:02:55]} Rc7 {[%emt 0:03:24]} 34. Qb2 {[%emt 0:02:02]} g5 {[%emt 0:02:00]} 35. Bf5 {[%emt 0:01:52]} Ng6 {[%emt 0:00:20]} 36. f3 {[%emt 0:05:32]} c4 {[%emt 0:06:28]} 37. Ref2 {[%emt 0:01:45]} Kg8 {[%emt 0:11:05]} 38. Rd1 {[%emt 0:00:55]} Bf8 {[%emt 0:01:35]} 39. Qc1 {[%emt 0:01:00]} Rd8 {[%emt 0:09:32]} 40. Kg2 {[%emt 0:00:00]} Kg7 {[%emt 0:00:00]} 41. Bxg6 {[%emt 0:00:00]} hxg6 {[%emt 0:00:00]} 42. f4 {[%emt 0:00:00]} gxf4 {[%emt 0:00:00]} 43. gxf4 {[%emt 0:00:00]} Re8 {[%emt 0:00:00]} 44. fxe5 {[%emt 0:00:00]} fxe5 {[%emt 0:00:00]} 45. Qg5 {[%emt 0:00:00]} Qe7 {[%emt 0:06:24]} 46. Qxe7+ {[%emt 0:00:00]} Rcxe7 {[%emt 0:00:01]} 47. Rdf1 {[%emt 0:00:00]} Rd7 {[%emt 0:02:42]} 48. Rf6 {[%emt 0:00:00]} Bd6 {[%emt 0:05:17]} 49. Kg3 {[%emt 0:00:43]} Bb4 {[%emt 0:01:42]} 50. Bxb4 {[%emt 0:09:39]} axb4 {[%emt 0:00:01]} 51. Rc6 {[%emt 0:00:13]} Ra8 {[%emt 0:01:03]} 52. Rxc4 {[%emt 0:00:28]} Rxa4 {[%emt 0:00:00]} 53. Rb1 {[%emt 0:00:37]} Ra3+ {[%emt 0:00:02]} 54. Kg4 {[%emt 0:00:43]} Rf7 {[%emt 0:00:46]} 55. Rbc1 {[%emt 0:00:43]} Kh6 {[%emt 0:00:11]} 0-1

[Event "47th GRE-chT 2019"]
[Site "Patra"]
[Date "2019.07.06"]
[Round "7.19"]
[White "Loukisas, Dimitrios"]
[Black "Stoimenidis, Dimitrios"]
[Result "0-1"]
[WhiteElo "1898"]
[BlackElo "1586"]
[Annotator "NA"]
[PlyCount "80"]
[EventDate "2019.07.02"]
[EventCountry "GRE"]
[SourceTitle "playchess.com"]
[Source "ChessBase"]
[SourceQuality "1"]
[TimeControl "5400+30"]

1. d4 {[%emt 0:00:00]} Nf6 {[%emt 0:00:00]} 2. c4 {[%emt 0:00:00]} e6 {[%emt 0:00:00]} 3. Nc3 {[%emt 0:00:00]} Bb4 {[%emt 0:00:00]} 4. e3 {[%emt 0:00:00]} O-O {[%emt 0:00:00]} 5. Nge2 {[%emt 0:00:00]} d5 {[%emt 0:00:00]} 6. a3 {[%emt 0:00:05]} Be7 {[%emt 0:00:00]} 7. Nf4 {[%emt 0:00:07]} c6 {[%emt 0:01:11]} 8. Be2 {[%emt 0:01:12]} a5 {[%emt 0:00:12]} 9. b3 {[%emt 0:00:41]} Na6 {[%emt 0:00:17]} 10. g4 {[%emt 0:01:07]} Nd7 {[%emt 0:39:18]} 11. cxd5 {[%emt 0:01:34]} exd5 {[%emt 0:01:38]} 12. Bd3 {[%emt 0:02:55]} Bd6 {[%emt 0:07:01]} 13. Qf3 {[%emt 0:05:03]} Re8 {[%emt 0:19:32]} 14. h4 {[%emt 0:06:41]} c5 {[%emt 0:02:37]} 15. Ncxd5 {[%emt 0:02:02]} cxd4 {[%emt 0:00:28]} 16. g5 {[%emt 0:31:05]} Ne5 {[%emt 0:06:03]} 17. Qh5 {[%emt 0:14:08]} Nxd3+ {[%emt 0:01:14]} 18. Nxd3 {[%emt 0:00:08]} Be5 {[%emt 0:03:29]} 19. e4 {[%emt 0:14:35]} Bb8 {[%emt 0:00:50]} 20. Nf6+ {[%emt 0:03:05]} gxf6 {[%emt 0:01:16]} 21. gxf6 {[%emt 0:00:07]} Rxe4+ {[%emt 0:02:39]} 22. Kf1 {[%emt 0:00:06]} Qxf6 {[%emt 0:04:20]} 23. Bg5 {[%emt 0:03:37]} Qg6 {[%emt 0:05:13]} 24. Qd1 {[%emt 0:02:04]} Rg4 {[%emt 0:01:30]} 25. f3 {[%emt 0:01:17]} Rg3 {[%emt 0:00:56]} 26. Nf2 {[%emt 0:00:44]} Be5 {[%emt 0:01:44]} 27. Qe2 {[%emt 0:02:39]} f6 {[%emt 0:00:42]} 28. Rc1 {[%emt 0:00:17]} Bf5 {[%emt 0:00:54]} 29. Qb5 {[%emt 0:00:54]} Re8 {[%emt 0:00:52]} 30. h5 {[%emt 0:01:41]} Qf7 {[%emt 0:00:25]} 31. Bxf6 {[%emt 0:00:19]} Bd7 {[%emt 0:00:30]} 32. Qxe5 {[%emt 0:02:51]} Rxe5 {[%emt 0:00:11]} 33. Bxe5 {[%emt 0:00:05]} Qxf3 {[%emt 0:00:35]} 34. Bxg3 {[%emt 0:00:46]} Bb5+ {[%emt 0:00:15]} 35. Rc4 {[%emt 0:00:22]} Kf7 {[%emt 0:00:31]} 36. Rh3 {[%emt 0:00:41]} Bxc4+ {[%emt 0:00:23]} 37. bxc4 {[%emt 0:00:25]} Qc6 {[%emt 0:00:15]} 38. Nd3 {[%emt 0:00:29]} Qxc4 {[%emt 0:01:08]} 39. Bf2 {[%emt 0:00:24]} Nc5 {[%emt 0:00:24]} 40. Rf3+ {[%emt 0:00:00]} Ke6 {[%emt 0:00:00]} 0-1

[Event "47th GRE-chT 2019"]
[Site "Patra"]
[Date "2019.07.06"]
[Round "7.20"]
[White "Karamichos, Michail"]
[Black "Dristellas, Neoklis"]
[Result "1/2-1/2"]
[WhiteElo "1559"]
[BlackElo "1577"]
[Annotator "NA"]
[PlyCount "152"]
[EventDate "2019.07.02"]
[EventCountry "GRE"]
[SourceTitle "playchess.com"]
[Source "ChessBase"]
[SourceQuality "1"]
[TimeControl "5400+30"]

1. e4 {[%emt 0:00:00]} e5 {[%emt 0:00:00]} 2. Nf3 {[%emt 0:00:00]} Nc6 {[%emt 0:03:11]} 3. Bc4 {[%emt 0:00:00]} Bc5 {[%emt 0:00:08]} 4. c3 {[%emt 0:00:10]} Nf6 {[%emt 0:00:16]} 5. d3 {[%emt 0:00:20]} a6 {[%emt 0:00:10]} 6. Bb3 {[%emt 0:00:17]} Ba7 {[%emt 0:00:22]} 7. O-O {[%emt 0:00:06]} d6 {[%emt 0:00:47]} 8. Nbd2 {[%emt 0:01:13]} O-O {[%emt 0:00:33]} 9. h3 {[%emt 0:00:14]} h6 {[%emt 0:00:30]} 10. Re1 {[%emt 0:01:10]} Re8 {[%emt 0:00:30]} 11. Nf1 {[%emt 0:00:16]} Be6 {[%emt 0:00:23]} 12. Bc2 {[%emt 0:00:43]} d5 {[%emt 0:01:02]} 13. Qe2 {[%emt 0:04:05]} Qd7 {[%emt 0:00:46]} 14. Ng3 {[%emt 0:04:17]} Rad8 {[%emt 0:08:12]} 15. Kh2 {[%emt 0:03:28]} b5 {[%emt 0:00:57]} 16. Nh4 {[%emt 0:06:13]} Ne7 {[%emt 0:05:09]} 17. Qf3 {[%emt 0:07:22]} Ng4+ {[%emt 0:04:45]} 18. Kh1 {[%emt 0:03:07]} Nxf2+ {[%emt 0:00:12]} 19. Kh2 {[%emt 0:01:23]} Bxh3 {[%emt 0:02:59]} 20. d4 {[%emt 0:12:21]} Ng4+ {[%emt 0:02:08]} 21. Kh1 {[%emt 0:05:20]} exd4 {[%emt 0:00:29]} 22. gxh3 {[%emt 0:11:26]} Ne3 {[%emt 0:05:57]} 23. Nh5 {[%emt 0:05:14]} Ng6 {[%emt 0:01:07]} 24. Bxe3 {[%emt 0:02:24]} dxe3 {[%emt 0:01:28]} 25. Nf5 {[%emt 0:07:18]} Qc8 {[%emt 0:02:55]} 26. Nhxg7 {[%emt 0:04:31]} Re5 {[%emt 0:11:31]} 27. Qh5 {[%emt 0:03:37]} dxe4 {[%emt 0:00:32]} 28. Bb3 {[%emt 0:02:50]} Rd6 {[%emt 0:05:16]} 29. Nxd6 {[%emt 0:00:37]} Rxh5 {[%emt 0:00:10]} 30. Nxc8 {[%emt 0:00:28]} Rxh3+ {[%emt 0:04:05]} 31. Kg1 {[%emt 0:00:25]} Bc5 {[%emt 0:01:53]} 32. Re2 {[%emt 0:01:24]} Kxg7 {[%emt 0:07:21]} 33. Rf1 {[%emt 0:03:04]} Rg3+ {[%emt 0:01:07]} 34. Kh2 {[%emt 0:00:36]} Rf3 {[%emt 0:05:57]} 35. Rg1 {[%emt 0:05:09]} Rf2+ {[%emt 0:01:17]} 36. Rxf2 {[%emt 0:00:11]} exf2 {[%emt 0:01:48]} 37. Rf1 {[%emt 0:00:11]} e3 {[%emt 0:00:05]} 38. Bd1 {[%emt 0:00:23]} Nf4 {[%emt 0:00:27]} 39. b4 {[%emt 0:00:31]} Bf8 {[%emt 0:00:00]} 40. Kg3 {[%emt 0:00:00]} e2 {[%emt 0:00:00]} 41. Bxe2 {[%emt 0:00:00]} Nxe2+ {[%emt 0:00:00]} 42. Kxf2 {[%emt 0:00:00]} Nxc3 {[%emt 0:00:00]} 43. a3 {[%emt 0:00:00]} c5 {[%emt 0:00:00]} 44. Ra1 {[%emt 0:00:00]} Kf6 {[%emt 0:00:00]} 45. Nb6 {[%emt 0:00:00]} cxb4 {[%emt 0:00:00]} 46. Nd7+ {[%emt 0:00:00]} Ke7 {[%emt 0:00:00]} 47. Nxf8 Kxf8 {[%emt 3:24:12]} 48. axb4 {[%emt 0:00:00]} Nd5 {[%emt 0:00:00]} 49. Rxa6 {[%emt 0:00:00]} Kg7 {[%emt 0:00:00]} 50. Ra1 {[%emt 0:00:00]} Nxb4 {[%emt 0:00:00]} 51. Rb1 {[%emt 0:00:00]} Nd3+ {[%emt 0:00:00]} 52. Ke3 {[%emt 0:00:00]} Ne5 {[%emt 0:00:00]} 53. Rxb5 {[%emt 0:00:00]} f6 {[%emt 0:00:00]} 54. Ke4 {[%emt 0:00:00]} Kg6 {[%emt 0:00:00]} 55. Rb1 {[%emt 0:00:00]} Kg5 {[%emt 0:00:00]} 56. Rg1+ {[%emt 0:00:00]} Ng4 {[%emt 0:00:00]} 57. Kf3 {[%emt 0:00:00]} h5 {[%emt 0:00:00]} 58. Kg3 {[%emt 0:00:00]} f5 {[%emt 0:00:00]} 59. Ra1 {[%emt 0:00:00]} h4+ {[%emt 0:00:00]} 60. Kh3 {[%emt 0:00:00]} Nf2+ {[%emt 0:00:00]} 61. Kg2 {[%emt 0:00:00]} Ne4 {[%emt 0:00:00]} 62. Ra3 {[%emt 0:00:00]} Nf6 {[%emt 0:00:00]} 63. Ra4 {[%emt 0:00:00]} Nh5 {[%emt 0:00:00]} 64. Kh3 {[%emt 0:00:00]} Nf4+ {[%emt 0:00:00]} 65. Kh2 {[%emt 0:00:00]} Kg4 {[%emt 0:00:00]} 66. Ra8 {[%emt 0:00:54]} Ne6 {[%emt 0:00:00]} 67. Rg8+ {[%emt 0:00:14]} Ng5 {[%emt 0:00:00]} 68. Kg2 {[%emt 0:01:40]} Kf4 {[%emt 0:00:00]} 69. Ra8 {[%emt 0:01:34]} h3+ {[%emt 0:00:00]} 70. Kf2 {[%emt 0:01:08]} Ne4+ {[%emt 0:00:00]} 71. Kg1 {[%emt 0:02:46]} Kf3 {[%emt 0:00:00]} 72. Ra3+ {[%emt 0:00:39]} Ke2 {[%emt 0:00:00]} 73. Rxh3 {[%emt 0:00:24]} f4 {[%emt 0:00:00]} 74. Rh8 {[%emt 0:00:37]} f3 {[%emt 0:00:00]} 75. Rf8 {[%emt 0:00:54]} f2+ {[%emt 0:00:00]} 76. Rxf2+ {[%emt 0:00:14]} Nxf2 {[%emt 0:00:00]} 1/2-1/2

[Event "47th GRE-chT 2019"]
[Site "Patra"]
[Date "2019.07.06"]
[Round "7.20"]
[White "Ximinis, Ioannis"]
[Black "Souchleris, Nikolaos"]
[Result "1-0"]
[WhiteElo "1156"]
[BlackElo "1204"]
[Annotator "NA"]
[PlyCount "103"]
[EventDate "2019.07.02"]
[EventCountry "GRE"]
[SourceTitle "playchess.com"]
[Source "ChessBase"]
[SourceQuality "1"]
[TimeControl "5400+30"]

1. d4 {[%emt 0:00:00]} Nf6 {[%emt 0:00:00]} 2. Bf4 {[%emt 0:00:23]} e6 {[%emt 0:00:00]} 3. Nf3 {[%emt 0:00:18]} b6 {[%emt 0:00:22]} 4. e3 {[%emt 0:00:13]} Bb7 {[%emt 0:00:39]} 5. Bd3 {[%emt 0:01:03]} Be7 {[%emt 0:02:22]} 6. h3 {[%emt 0:00:16]} O-O {[%emt 0:00:15]} 7. O-O {[%emt 0:00:07]} d6 {[%emt 0:00:25]} 8. Nbd2 {[%emt 0:03:18]} Nbd7 {[%emt 0:00:35]} 9. Bh2 {[%emt 0:00:58]} Re8 {[%emt 0:01:59]} 10. c3 {[%emt 0:00:28]} Nf8 {[%emt 0:00:44]} 11. Bb5 {[%emt 0:04:38]} c6 {[%emt 0:03:33]} 12. Bd3 {[%emt 0:03:10]} Ng6 {[%emt 0:00:54]} 13. Rc1 {[%emt 0:04:20]} Bf8 {[%emt 0:01:33]} 14. Bb1 {[%emt 0:00:10]} c5 {[%emt 0:01:26]} 15. Qe2 {[%emt 0:00:26]} d5 {[%emt 0:10:41]} 16. Rfd1 {[%emt 0:02:01]} Rc8 {[%emt 0:05:59]} 17. Ne5 {[%emt 0:00:31]} Bd6 {[%emt 0:04:24]} 18. f4 {[%emt 0:03:00]} Nd7 {[%emt 0:06:38]} 19. Rf1 {[%emt 0:02:52]} Ndxe5 {[%emt 0:02:22]} 20. fxe5 {[%emt 0:00:30]} Be7 {[%emt 0:01:36]} 21. Qf2 {[%emt 0:02:14]} Rf8 {[%emt 0:02:39]} 22. Qe2 {[%emt 0:04:50]} Bh4 {[%emt 0:08:02]} 23. g3 {[%emt 0:08:13]} Bg5 {[%emt 0:01:50]} 24. Qd3 {[%emt 0:02:06]} c4 {[%emt 0:02:25]} 25. Qe2 {[%emt 0:00:23]} Bh6 {[%emt 0:00:39]} 26. Nf3 {[%emt 0:03:50]} f6 {[%emt 0:02:23]} 27. Bxg6 {[%emt 0:01:07]} hxg6 {[%emt 0:00:11]} 28. Rf2 {[%emt 0:01:44]} fxe5 {[%emt 0:02:48]} 29. Nxe5 {[%emt 0:00:33]} Rxf2 30. Qxf2 {[%emt 0:00:16]} Qf6 {[%emt 0:12:30]} 31. Qe2 {[%emt 0:06:28]} Qg5 {[%emt 0:02:50]} 32. Re1 {[%emt 0:00:29]} Qf5 {[%emt 0:00:48]} 33. Qg2 {[%emt 0:04:20]} Rf8 {[%emt 0:04:20]} 34. g4 {[%emt 0:01:16]} Qg5 {[%emt 0:01:11]} 35. Bf4 {[%emt 0:00:19]} Qh4 {[%emt 0:01:49]} 36. Nf3 {[%emt 0:00:38]} Qf6 {[%emt 0:00:43]} 37. g5 {[%emt 0:00:06]} Bxg5 {[%emt 0:02:45]} 38. Nxg5 {[%emt 0:00:06]} Qf5 {[%emt 0:00:58]} 39. Qg4 {[%emt 0:01:18]} Qxg4+ {[%emt 0:00:28]} 40. hxg4 {[%emt 0:00:00]} Bc8 {[%emt 0:00:00]} 41. Be5 {[%emt 0:00:00]} a5 {[%emt 0:00:00]} 42. Kg2 {[%emt 0:00:00]} b5 {[%emt 0:00:00]} 43. Rh1 {[%emt 0:00:00]} Rd8 {[%emt 0:00:00]} 44. a3 {[%emt 0:00:00]} Bd7 {[%emt 0:00:00]} 45. Rh7 {[%emt 0:00:00]} Kf8 {[%emt 0:00:00]} 46. Bxg7+ {[%emt 0:00:00]} Ke8 {[%emt 0:00:00]} 47. Rh8+ {[%emt 0:00:00]} Ke7 {[%emt 0:00:00]} 48. Bf6+ {[%emt 0:00:00]} Kd6 {[%emt 0:00:00]} 49. Nf7+ {[%emt 0:00:00]} Kc7 {[%emt 0:00:00]} 50. Be5+ {[%emt 0:00:00]} Kb7 {[%emt 0:00:00]} 51. Nxd8+ {[%emt 0:00:00]} Ka7 {[%emt 0:00:00]} 52. Rh7 {[%emt 0:00:00]} 1-0

[Event "47th GRE-chT 2019"]
[Site "Patra"]
[Date "2019.07.06"]
[Round "7.21"]
[White "David, Alberto"]
[Black "Papaioannou, Ioannis"]
[Result "1/2-1/2"]
[WhiteElo "2553"]
[BlackElo "2640"]
[Annotator "TA"]
[PlyCount "32"]
[EventDate "2019.07.02"]
[EventCountry "GRE"]
[SourceTitle "playchess.com"]
[Source "ChessBase"]
[SourceQuality "1"]

{[%evp 9,32,-10,14,14,16,22,16,27,35,39,11,0,8,16,12,0,15,8,38,0,25,0,25,0,31]} 1. Nf3 Nf6 2. c4 e6 3. Nc3 Bb4 4. g4 O-O 5. g5 Ne8 6. h4 {A17: English Opening: 1...Nf6 with ...Bb4} d5 7. Qb3 c5 8. cxd5 exd5 $146 ({Predecessor:} 8... Nd6 9. a3 Ba5 10. d3 exd5 11. Qxd5 Be6 12. Qxc5 {½-½ (66) Savchenko,B (2609)-Harika,D (2516) Moscow 2012}) 9. Qxd5 ({Of course not} 9. Nxd5 Be6 $17) 9... Nd6 10. Bh3 Bxh3 11. Rxh3 Nc6 12. h5 Ne7 13. Qe5 {Threatening h6.} Nc6 14. Qd5 Ne7 15. Qe5 Nc6 16. Qd5 Ne7 1/2-1/2

[Event "47th GRE-chT 2019"]
[Site "Patra"]
[Date "2019.07.06"]
[Round "7.22"]
[White "Postny, Evgeny"]
[Black "Theodorou, Nikolas"]
[Result "1/2-1/2"]
[WhiteElo "2601"]
[BlackElo "2543"]
[Annotator "RC"]
[PlyCount "98"]
[EventDate "2019.07.02"]
[EventCountry "GRE"]
[SourceTitle "playchess.com"]
[Source "ChessBase"]
[SourceQuality "1"]
[TimeControl "5400+30"]

1. d4 {[%emt 0:08:40]} Nf6 {[%emt 0:00:00]} 2. c4 {[%emt 0:00:26]} g6 {[%emt 0:00:00]} 3. Nc3 {[%emt 0:00:03]} Bg7 {[%emt 0:00:00]} 4. e4 {[%emt 0:00:02]} d6 {[%emt 0:00:00]} 5. Nf3 {[%emt 0:00:04]} O-O {[%emt 0:00:00]} 6. Be2 {[%emt 0:00:02]} e5 {[%emt 0:00:00]} 7. d5 {[%emt 0:00:42]} a5 {[%emt 0:00:00]} 8. h3 {[%emt 0:03:01]} Na6 {[%emt 0:00:02]} 9. Bg5 {[%emt 0:03:01]} Qe8 {[%emt 0:01:36]} 10. Nd2 {[%emt 0:00:56]} Nd7 {[%emt 0:00:40]} 11. a3 {[%emt 0:03:30]} f6 {[%emt 0:00:11]} 12. Be3 {[%emt 0:01:16]} f5 {[%emt 0:00:08]} 13. f3 {[%emt 0:06:59]} Nb6 {[%emt 0:13:26]} 14. b3 {[%emt 0:01:32]} Bd7 {[%emt 0:00:54]} 15. O-O {[%emt 0:00:43]} Qe7 {[%emt 0:01:42]} 16. Rb1 {[%emt 0:02:23]} Bf6 {[%emt 0:07:43]} 17. b4 {[%emt 0:00:07]} axb4 {[%emt 0:00:02]} 18. axb4 {[%emt 0:00:14]} Bg5 {[%emt 0:00:12]} 19. Bf2 {[%emt 0:01:40]} Bh4 {[%emt 0:11:20]} 20. Qe1 {[%emt 0:00:56]} Bxf2+ {[%emt 0:00:06]} 21. Qxf2 {[%emt 0:00:11]} Qg5 {[%emt 0:01:29]} 22. Bd3 {[%emt 0:07:54]} Na4 {[%emt 0:03:15]} 23. Nxa4 {[%emt 0:00:24]} Bxa4 {[%emt 0:03:22]} 24. exf5 {[%emt 0:00:08]} gxf5 {[%emt 0:00:09]} 25. f4 {[%emt 0:00:11]} Qxf4 {[%emt 0:00:12]} 26. Qxf4 {[%emt 0:00:02]} exf4 {[%emt 0:00:14]} 27. Rxf4 {[%emt 0:02:12]} Bd7 {[%emt 0:07:23]} 28. Nf3 {[%emt 0:06:54]} Rae8 {[%emt 0:21:45]} 29. Nd4 {[%emt 0:00:35]} Re5 {[%emt 0:01:13]} 30. Rbf1 {[%emt 0:00:36]} Nxb4 {[%emt 0:00:22]} 31. Bxf5 {[%emt 0:00:10]} Bxf5 {[%emt 0:00:06]} 32. Nxf5 {[%emt 0:00:21]} Kh8 {[%emt 0:00:13]} 33. Nd4 {[%emt 0:06:34]} Rxf4 {[%emt 0:00:28]} 34. Rxf4 {[%emt 0:00:16]} h5 {[%emt 0:05:56]} 35. Nf3 {[%emt 0:03:58]} Re7 {[%emt 0:07:08]} 36. Rh4 {[%emt 0:00:02]} Kg7 {[%emt 0:00:09]} 37. Rxh5 {[%emt 0:00:03]} Re4 {[%emt 0:00:08]} 38. Rh4 {[%emt 0:00:32]} Rxh4 {[%emt 0:00:04]} 39. Nxh4 {[%emt 0:05:51]} b5 {[%emt 0:00:00]} 40. cxb5 {[%emt 0:00:00]} Nxd5 {[%emt 0:00:00]} 41. g4 {[%emt 0:00:00]} Kf6 {[%emt 0:00:00]} 42. Nf5 {[%emt 0:00:00]} Nc3 {[%emt 0:00:00]} 43. Nxd6 {[%emt 0:00:06]} Ke5 {[%emt 0:05:13]} 44. Nf7+ {[%emt 0:05:44]} Kf4 {[%emt 0:01:16]} 45. g5 {[%emt 0:01:08]} Kf5 {[%emt 0:00:09]} 46. h4 {[%emt 0:00:21]} Nxb5 {[%emt 0:00:15]} 47. h5 {[%emt 0:03:49]} Nd6 {[%emt 0:00:15]} 48. g6 {[%emt 0:00:02]} Ne8 {[%emt 0:09:17]} 49. Ne5 {[%emt 0:01:40]} Kg5 {[%emt 0:00:52]} 1/2-1/2